[Event "7th Sunway Sitges 2020"]
[Site "Sitges ESP"]
[Date "2020.12.16"]
[Round "4.13"]
[White "Lagarde, Maxime"]
[Black "Esplugas Esteve, Vicenc"]
[Result "1-0"]
[WhiteTitle "GM"]
[BlackTitle "FM"]
[WhiteElo "2651"]
[BlackElo "2319"]
[WhiteFideId "662399"]
[BlackFideId "22200789"]
[EventDate "2020.12.13"]

1. e4 e6 2. d4 d5 3. Nc3 Bb4 4. Ne2 dxe4 5. a3 Bxc3+ 6. Nxc3 Nc6 7. Bb5 Ne7 8.
Bg5 f6 9. Be3 O-O 10. Qd2 f5 11. f3 a6 12. Bxc6 Nxc6 13. fxe4 e5 14. d5 Na5 15.
b3 Qd6 16. Qd3 b6 17. Bc1 Qg6 18. Qg3 f4 19. Qxg6 hxg6 20. Bb2 Bd7 21. O-O-O Nb7
22. Na2 Rae8 23. Nb4 Nc5 24. Nd3 Bg4 25. Nxc5 Bxd1 26. Nd7 Bh5 27. Nxf8 Kxf8 28.
h4 Bg4 29. c4 Ke7 30. Kd2 Kd6 31. b4 c5 32. Bc3 b5 33. a4 f3 34. gxf3 Bxf3 35.
Ra1 bxc4 36. Ke3 Bg4 37. b5 Ra8 38. bxa6 Rxa6 39. a5 Bd7 40. Rb1 Ke7 41. Rb6
Rxb6 42. axb6 Kd6 43. Bxe5+ 1-0

[Event "7th Sunway Sitges 2020"]
[Site "Sitges ESP"]
[Date "2020.12.16"]
[Round "4.16"]
[White "Flom, Gabriel"]
[Black "Dalaud, Dorian"]
[Result "1-0"]
[WhiteTitle "GM"]
[WhiteElo "2499"]
[BlackElo "2291"]
[WhiteFideId "621650"]
[BlackFideId "36093270"]
[EventDate "2020.12.13"]

1. d4 Nf6 2. c4 c5 3. d5 b5 4. cxb5 a6 5. e3 axb5 6. Bxb5 Qa5+ 7. Nc3 Bb7 8. Bd2
Qb6 9. a4 Nxd5 10. Nf3 e6 11. Nxd5 Bxd5 12. Bc3 Be7 13. O-O O-O 14. Nd2 f5 15.
f3 Qb7 16. e4 fxe4 17. fxe4 Rxf1+ 18. Qxf1 Bxe4 19. Qf4 Bf5 20. Nc4 Nc6 21. Nd6
Qc7 22. Qg3 Bg6 23. Nf5 Qxg3 24. Nxe7+ Nxe7 25. hxg3 d5 26. Be5 Be8 27. Bxe8
Rxe8 28. a5 Nc6 29. Bd6 c4 30. a6 Ra8 31. Bc5 Kf7 32. a7 Ke8 33. Rf1 Ne7 34. g4
e5 35. b4 cxb3 36. Rb1 Nc6 37. Rxb3 Nxa7 38. Ra3 Rc8 39. Bxa7 Rc4 40. Ra5 Rc1+
41. Kf2 Rc2+ 42. Kg3 Rc3+ 43. Kh4 Rd3 44. Bb8 e4 45. Be5 g6 46. Ra7 h6 47. g5
hxg5+ 48. Kxg5 Rb3 49. Kxg6 e3 50. Bf6 d4 51. Re7+ Kf8 52. Rd7 1-0

[Event "7th Sunway Sitges 2020"]
[Site "Sitges ESP"]
[Date "2020.12.16"]
[Round "4.18"]
[White "Antova, Gabriela"]
[Black "Dardha, Daniel"]
[Result "1-0"]
[WhiteTitle "FM"]
[BlackTitle "IM"]
[WhiteElo "2247"]
[BlackElo "2485"]
[WhiteFideId "2915235"]
[BlackFideId "240990"]
[EventDate "2020.12.13"]

1. d4 Nf6 2. c4 e6 3. Nf3 d5 4. Nc3 Bb4 5. Bg5 h6 6. Bxf6 Qxf6 7. e3 O-O 8. Rc1
dxc4 9. Bxc4 c5 10. O-O cxd4 11. Ne4 Qf5 12. Ng3 Qa5 13. Nxd4 Bd7 14. a3 Be7 15.
Ba2 Rd8 16. Qc2 Nc6 17. Bb1 g6 18. Nb3 Qb6 19. Ne4 Rac8 20. Nbc5 Bxc5 21. Nxc5
Ne7 22. b4 Bc6 23. h4 Qc7 24. Qb2 Qd6 25. h5 b6 26. Ne4 Bxe4 27. Bxe4 f5 28. Bf3
Kf7 29. Rxc8 Rxc8 30. Rd1 Qc7 31. hxg6+ Kxg6 32. Qd4 Ng8 33. e4 Nf6 34. e5 Nh7
35. Qh4 Ng5 36. Bh5+ Kh7 37. Rd6 Rd8 38. f4 Rxd6 39. exd6 Qc1+ 40. Kh2 Qd2 41.
fxg5 Qxd6+ 42. Kh3 hxg5 43. Qxg5 Qd3+ 44. Qg3 Qf1 45. Qg6+ Kh8 46. Qf6+ 1-0

[Event "7th Sunway Sitges 2020"]
[Site "Sitges ESP"]
[Date "2020.12.16"]
[Round "4.19"]
[White "Niemann, Hans Moke"]
[Black "Souhardo, Basak"]
[Result "1-0"]
[WhiteTitle "IM"]
[WhiteElo "2478"]
[BlackElo "2276"]
[WhiteFideId "2093596"]
[BlackFideId "35092910"]
[EventDate "2020.12.13"]

1. d4 Nf6 2. c4 e6 3. Nc3 Bb4 4. e3 O-O 5. Bd3 d5 6. Nf3 c5 7. cxd5 exd5 8. dxc5
Nbd7 9. Bd2 Nxc5 10. Be2 Ba5 11. O-O Nce4 12. Nxe4 dxe4 13. Nd4 Bxd2 14. Qxd2
Qb6 15. a3 Rd8 16. Qb4 Nd5 17. Qxb6 Nxb6 18. Rfc1 Bd7 19. Rc7 Rab8 20. Rac1 Rbc8
21. h3 a6 22. R1c2 Rb8 23. Bg4 Bxg4 24. hxg4 Nd5 25. R7c5 g6 26. Kh2 h6 27. Kg3
Rd7 28. R5c4 Kg7 29. Nb3 Nf6 30. Rc7 Rbd8 31. Rxd7 Rxd7 32. Nc5 Re7 33. b4 Ne8
34. Rd2 Kf6 35. Rd4 Nc7 36. a4 Ne6 37. Nd7+ Kg5 38. Rd5+ f5 39. f4+ exf3 40.
gxf3 h5 41. f4+ Kh6 42. g5+ Kg7 43. Rd6 Nf8 44. Nxf8 Kxf8 45. Rxg6 Rxe3+ 46. Kh4
Re4 47. Rf6+ Kg7 48. Rxf5 Rxb4 49. Kxh5 Rxa4 50. g6 Rb4 51. Rf7+ Kg8 52. f5 Rb5
53. Kh6 a5 54. f6 Rb1 55. Rc7 Rh1+ 56. Kg5 Rg1+ 57. Kf5 Rf1+ 58. Ke5 Re1+ 59.
Kd4 Rd1+ 60. Ke3 Rd8 61. Rg7+ 1-0

[Event "7th Sunway Sitges 2020"]
[Site "Sitges ESP"]
[Date "2020.12.16"]
[Round "4.24"]
[White "Lever, Erwan"]
[Black "Unuk, Laura"]
[Result "1-0"]
[BlackTitle "WGM"]
[WhiteElo "2200"]
[BlackElo "2346"]
[WhiteFideId "20640099"]
[BlackFideId "14609215"]
[EventDate "2020.12.13"]

1. d4 d5 2. c4 c6 3. Nf3 Nf6 4. Qb3 g6 5. g3 Bg7 6. Bg2 dxc4 7. Qxc4 O-O 8. O-O
Na6 9. Nc3 Qa5 10. Bf4 Be6 11. Qd3 Rfd8 12. Be5 Nb4 13. Qb1 c5 14. dxc5 Qxc5 15.
a3 Nc6 16. Bxf6 exf6 17. Qc2 Qb6 18. Na4 Qb5 19. b4 Bf5 20. e4 Bg4 21. Nc5 Bxf3
22. Bxf3 Nd4 23. Qc3 f5 24. Rad1 fxe4 25. Nxe4 Qf5 26. Kg2 g5 27. h3 h5 28. g4
hxg4 29. hxg4 Qe5 30. Ng3 Rac8 31. Qd3 Ne6 32. Qf5 Rxd1 33. Rxd1 Rc3 34. Be4
Rxa3 35. Nh5 b6 36. Nxg7 Qxg7 37. Rc1 Qd4 38. Rc8+ Kg7 39. Qh7+ Kf6 40. Qh8+ Ke7
41. Re8+ Kd7 42. Rd8+ 1-0

[Event "7th Sunway Sitges 2020"]
[Site "Sitges ESP"]
[Date "2020.12.16"]
[Round "4.27"]
[White "Ezquerro Luque, Albert"]
[Black "Travadon, Loic"]
[Result "0-1"]
[BlackTitle "IM"]
[WhiteElo "2101"]
[BlackElo "2421"]
[WhiteFideId "2276682"]
[BlackFideId "26092131"]
[EventDate "2020.12.13"]

1. e4 c5 2. Nc3 Nc6 3. f4 e6 4. Nf3 d5 5. Bb5 Ne7 6. O-O a6 7. Bxc6+ Nxc6 8. d3
Be7 9. Qe1 O-O 10. Qf2 f5 11. exd5 exd5 12. Re1 d4 13. Nb1 Bf6 14. Nbd2 b5 15.
Ne5 Nxe5 16. fxe5 Bh4 17. Qf3 Rb8 18. Re2 Rb6 19. a4 Bb7 20. Qf1 Be7 21. b3 g5
22. axb5 axb5 23. Nf3 Rg6 24. Bd2 Qd5 25. Ne1 f4 26. h3 Qe6 27. Kh2 g4 28. Ra7
Qb6 29. Rxb7 Qxb7 30. Re4 gxh3 31. gxh3 Bh4 32. Qf3 Bg3+ 33. Kh1 Qg7 34. e6 Qh6
35. Qf1 Rxe6 0-1

[Event "7th Sunway Sitges 2020"]
[Site "Sitges ESP"]
[Date "2020.12.16"]
[Round "4.28"]
[White "Maze, Sebastien"]
[Black "Tadevosyan, Aspet"]
[Result "1-0"]
[WhiteTitle "GM"]
[WhiteElo "2557"]
[BlackElo "2184"]
[WhiteFideId "613762"]
[BlackFideId "24526134"]
[EventDate "2020.12.13"]

1. e4 c5 2. Nc3 d6 3. f4 g6 4. Nf3 Bg7 5. Bb5+ Bd7 6. Bc4 Nc6 7. d3 Na5 8. Bd2
Nxc4 9. dxc4 f5 10. Qe2 Nh6 11. e5 O-O 12. O-O-O a6 13. h4 b5 14. h5 Be6 15. Nd5
Ng4 16. hxg6 hxg6 17. Bc3 b4 18. exd6 Bxd5 19. dxe7 Qa5 20. Bxg7 1-0

[Event "7th Sunway Sitges 2020"]
[Site "Sitges ESP"]
[Date "2020.12.16"]
[Round "4.30"]
[White "Siebrecht, Sebastian"]
[Black "Martin Barcelo, Carles"]
[Result "1-0"]
[WhiteTitle "GM"]
[WhiteElo "2429"]
[BlackElo "2179"]
[WhiteFideId "4609352"]
[BlackFideId "24561444"]
[EventDate "2020.12.13"]

1. d4 Nf6 2. c4 g6 3. Nc3 Bg7 4. e4 d6 5. Be2 O-O 6. Be3 c5 7. d5 e6 8. dxe6
Bxe6 9. Nf3 Qb6 10. b3 Ng4 11. Bd2 Nc6 12. Ng5 Nf6 13. Nxe6 fxe6 14. O-O Nd4 15.
Bd3 Nd7 16. f4 Rae8 17. Qg4 Qd8 18. Rae1 a6 19. Qh3 Qa5 20. Bb1 Qd8 21. Nd1 Rf7
22. g4 Ref8 23. f5 Ne5 24. Nc3 Qd7 25. Ne2 Nxe2+ 26. Rxe2 Nc6 27. Kh1 Nd4 28.
Ref2 Be5 29. Bh6 Bg7 30. Bg5 Be5 31. Be3 Qe7 32. fxg6 hxg6 33. Qh6 Bg7 34. Qxg6
Rxf2 35. Rxf2 Qh4 36. Kg2 e5 37. Rxf8+ Kxf8 38. Bf2 Qe7 39. h4 Ne6 40. Qf5+ Kg8
41. g5 Nf4+ 42. Kf3 b5 43. cxb5 Qb7 44. b6 Qxb6 45. g6 Qb5 46. Kg3 Ne2+ 47. Kh2
Nf4 48. Bd3 Qe8 49. Bc4+ d5 50. Bxd5+ Nxd5 51. exd5 e4 52. Qe6+ 1-0

[Event "7th Sunway Sitges 2020"]
[Site "Sitges ESP"]
[Date "2020.12.16"]
[Round "4.31"]
[White "Gatineau, Yovann"]
[Black "Silva, Pedro Gil Ferreira Da"]
[Result "1-0"]
[WhiteTitle "IM"]
[WhiteElo "2423"]
[BlackElo "2100"]
[WhiteFideId "26028999"]
[BlackFideId "1946102"]
[EventDate "2020.12.13"]

1. d4 d5 2. Bf4 c5 3. e3 Nc6 4. Nf3 cxd4 5. exd4 Bf5 6. c3 e6 7. Qb3 Qc8 8. Na3
a6 9. Ne5 Nf6 10. Be2 h6 11. g4 Bh7 12. h4 Nxe5 13. Bxe5 Nd7 14. Bf4 Qc6 15. Nc2
Bd6 16. Bxd6 Qxd6 17. Ne3 Be4 18. Rh3 Rb8 19. f3 Bg6 20. h5 Bh7 21. Qb4 Qxb4 22.
cxb4 Rc8 23. a4 Ke7 24. Kd2 Rhd8 25. Rhh1 e5 26. Rhc1 exd4 27. Nxd5+ Kd6 28. Nf4
Ne5 29. b3 Re8 30. Nh3 d3 31. Bd1 Nc6 32. Rc4 b5 33. axb5 axb5 34. Rc5 Ra8 35.
Rxa8 Rxa8 36. Rxb5 Ra2+ 37. Ke3 Rb2 38. Nf4 Rb1 39. Kd2 Ne7 40. Rb8 Rb2+ 41. Kc3
Rb1 42. Rd8+ Kc7 43. Rh8 Bg8 44. Kd2 f5 45. gxf5 Bxb3 46. Bxb3 Rxb3 47. Nxd3
Nxf5 48. Rf8 Nd4 49. Rf4 Ne6 50. Re4 Ng5 51. Re3 Kd6 52. f4 Nh7 53. Rg3 Nf6 54.
Rxg7 Nxh5 55. Rg6+ Kd5 56. Rxh6 Nxf4 57. Nxf4+ Kc4 58. Rc6+ Kxb4 59. Nd5+ Ka5
60. Rc8 Rh3 61. Rb8 Ka6 62. Rb6+ Ka7 63. Kc2 Rg3 64. Rb4 Ka6 65. Nc3 Rh3 66. Ne4
Ka5 67. Rb1 Ka6 68. Nc5+ Ka7 69. Nd3 Rh6 70. Nc5 Rh3 71. Rb7+ Ka8 72. Rg7 Kb8
73. Nd3 Kc8 74. Kc3 Rh4 75. Nc5 Kd8 76. Ne6+ Ke8 77. Kd3 Ra4 78. Nd4 Kf8 79. Rb7
Kg8 80. Ke4 Ra5 81. Nc6 Ra1 82. Kf5 Rf1+ 83. Ke6 Kh8 84. Ne7 Re1+ 85. Kf6 Ra1
86. Ng6+ 1-0

[Event "7th Sunway Sitges 2020"]
[Site "Sitges ESP"]
[Date "2020.12.16"]
[Round "4.32"]
[White "Martin Duque, Jesus"]
[Black "Ruperez, Miguel"]
[Result "1-0"]
[WhiteTitle "IM"]
[WhiteElo "2414"]
[BlackElo "2124"]
[WhiteFideId "2208954"]
[BlackFideId "115177"]
[EventDate "2020.12.13"]

1. e4 c5 2. Nf3 e6 3. d4 cxd4 4. Nxd4 Nc6 5. Nc3 Qc7 6. Be3 a6 7. Qf3 d6 8. Nxc6
bxc6 9. O-O-O e5 10. g4 Be6 11. g5 Rb8 12. Bh3 Bxh3 13. Qxh3 Ne7 14. Qg3 Ng6 15.
h4 Be7 16. h5 Nf4 17. g6 fxg6 18. hxg6 h6 19. Bxf4 exf4 20. Qd3 Qb6 21. b3 Qc5
22. e5 d5 23. Ne4 Qa3+ 24. Kb1 O-O 25. Rxh6 gxh6 26. Qh3 Kg7 27. Rh1 Rh8 28. Qe6
Rbf8 29. Nf6 Bxf6 30. exf6+ Rxf6 31. Qd7+ Kg8 32. g7 Qd6 33. gxh8=Q+ Kxh8 34.
Qc8+ Rf8 35. Qxa6 f3 36. a4 Re8 37. Qb6 d4 38. Rd1 Rd8 39. Rd3 Qd5 40. Rxf3 Re8
41. Rd3 Rd8 42. a5 Kh7 43. a6 c5 44. a7 Rg8 45. Kb2 h5 46. Qc7+ Rg7 47. Qb8 Rg8
48. Rg3 Rxg3 49. fxg3 1-0

[Event "7th Sunway Sitges 2020"]
[Site "Sitges ESP"]
[Date "2020.12.16"]
[Round "4.33"]
[White "Svoboda, Vaclav2"]
[Black "Mitran, Anthony Cristian"]
[Result "1-0"]
[WhiteElo "2407"]
[BlackElo "2157"]
[WhiteFideId "323551"]
[BlackFideId "240052"]
[EventDate "2020.12.13"]

1. d4 Nf6 2. c4 g6 3. Nc3 Bg7 4. e4 d6 5. Nf3 O-O 6. Be2 Nc6 7. d5 Nb8 8. O-O a5
9. Be3 Na6 10. h3 e5 11. Nd2 c5 12. Bg4 Nxg4 13. hxg4 f5 14. gxf5 gxf5 15. exf5
Bxf5 16. Nde4 Nc7 17. Bg5 Qd7 18. a4 Ne8 19. Qd2 Nf6 20. Bxf6 Bxf6 21. Rae1 Kh8
22. Re3 Be7 23. Rfe1 Rg8 24. Rg3 Bh4 25. Rxg8+ Rxg8 26. Qh6 Be7 27. f3 Bg6 28.
Kf2 Bf8 29. Qd2 Qg7 30. Rg1 Be7 31. Kf1 Rf8 32. Rh1 Rf4 33. Qf2 Be8 34. Ke2 Bg6
35. Qg3 Bxe4 36. Qxg7+ Kxg7 37. Nxe4 Kg6 38. g3 Rf5 39. g4 Rf4 40. Rd1 Rxe4+ 41.
fxe4 h6 42. Rf1 b6 43. Rf5 Bf6 44. Kf3 Be7 45. Kg3 Kg7 46. g5 hxg5 47. Kg4 Kg6
48. Rf3 Bf6 49. Rh3 Kg7 50. Kf5 g4 51. Rg3 Kf7 52. Rxg4 Bd8 53. Rg3 Be7 54. Rh3
Bf6 55. Rh6 Be7 56. Rh7+ Ke8 57. Ke6 1-0

[Event "7th Sunway Sitges 2020"]
[Site "Sitges ESP"]
[Date "2020.12.16"]
[Round "4.34"]
[White "Romanishin, Oleg M"]
[Black "Alcala Gonzalez, Cesar"]
[Result "1-0"]
[WhiteTitle "GM"]
[WhiteElo "2402"]
[BlackElo "2088"]
[WhiteFideId "14100088"]
[BlackFideId "24584878"]
[EventDate "2020.12.13"]

1. Nf3 d5 2. g3 Nf6 3. Bg2 c6 4. c4 Bg4 5. Qb3 Qb6 6. d3 Nbd7 7. Be3 Qa6 8. cxd5
Nxd5 9. Bd4 Bxf3 10. Bxf3 e5 11. Bc3 Nxc3 12. bxc3 Nc5 13. Qc2 Be7 14. O-O O-O
15. Nd2 Rad8 16. Bg2 b5 17. Rab1 Qc8 18. Nf3 Qe6 19. d4 e4 20. Nd2 Na4 21. Bxe4
f5 22. Bd3 Qd5 23. Rb3 Bf6 24. e3 a6 25. Be2 Qe6 26. c4 Nb6 27. cxb5 cxb5 28.
Rc3 Rc8 29. Bd3 Rxc3 30. Qxc3 g6 31. Bc2 Rc8 32. Qd3 Kg7 33. Bb3 1-0

[Event "7th Sunway Sitges 2020"]
[Site "Sitges ESP"]
[Date "2020.12.16"]
[Round "4.35"]
[White "Lin, Yingrui"]
[Black "Kanov, Nikola"]
[Result "1-0"]
[BlackTitle "CM"]
[WhiteElo "2387"]
[BlackElo "2079"]
[WhiteFideId "32094272"]
[BlackFideId "2928531"]
[EventDate "2020.12.13"]

1. d4 Nf6 2. c4 c5 3. d5 e6 4. Nc3 exd5 5. cxd5 d6 6. e4 g6 7. Bd3 Bg7 8. h3 O-O
9. Bg5 Re8 10. Nf3 h6 11. Be3 Na6 12. O-O Nc7 13. a4 Rb8 14. Re1 a6 15. Qd2 g5
16. h4 g4 17. Nh2 g3 18. fxg3 Ng4 19. Nxg4 Bxg4 20. Bxh6 Qf6 21. Bxg7 Qxg7 22.
Rf1 Re5 23. Rf4 Rf8 24. Raf1 Bd7 25. a5 Ne8 26. Nd1 Rh5 27. Be2 Rh6 28. Kh2 Rg6
29. Bh5 Rf6 30. Ne3 Rxf4 31. Rxf4 Nf6 32. Nf5 Bxf5 33. Rxf5 Nxh5 34. Rxh5 f6 35.
Qf4 Rd8 36. g4 Rf8 37. Kh3 Qe7 38. Rf5 Kf7 39. g5 Ke8 40. g4 fxg5 41. Rxf8+ Qxf8
42. Qxf8+ Kxf8 43. hxg5 1-0

[Event "7th Sunway Sitges 2020"]
[Site "Sitges ESP"]
[Date "2020.12.16"]
[Round "4.36"]
[White "Ootes, Lars"]
[Black "Perez Bolanos, David"]
[Result "1-0"]
[WhiteTitle "IM"]
[WhiteElo "2373"]
[BlackElo "2068"]
[WhiteFideId "1019708"]
[BlackFideId "24564400"]
[EventDate "2020.12.13"]

1. e4 c5 2. Nf3 Nc6 3. d4 cxd4 4. Nxd4 e5 5. Nb5 d6 6. N1c3 a6 7. Na3 b5 8. Nd5
Nf6 9. c4 b4 10. Nc2 Nxe4 11. g3 Nf6 12. Bg2 Nxd5 13. Bxd5 Qc7 14. Qf3 Bb7 15.
Bd2 a5 16. a3 bxa3 17. Rxa3 g6 18. Rb3 Rc8 19. Qf6 Rg8 20. O-O Nd8 21. Bxa5 Qxa5
22. Rxb7 Rg7 23. Ra1 Nxb7 24. Rxa5 Nxa5 25. Bxf7+ Rxf7 26. Qe6+ Re7 27. Qxc8+
Kf7 28. Ne3 Nb3 29. Nd5 Ra7 30. Qb8 Ra1+ 31. Kg2 1-0

[Event "7th Sunway Sitges 2020"]
[Site "Sitges ESP"]
[Date "2020.12.16"]
[Round "4.37"]
[White "Eden, James"]
[Black "Fernandez Alonso, Miguel Angel"]
[Result "1-0"]
[WhiteTitle "IM"]
[WhiteElo "2323"]
[BlackElo "2045"]
[WhiteFideId "666491"]
[BlackFideId "2253852"]
[EventDate "2020.12.13"]

1. e4 c5 2. Nf3 Nc6 3. Nc3 g6 4. d4 cxd4 5. Nxd4 Bg7 6. Be3 Nf6 7. Bc4 O-O 8.
Bb3 d6 9. f3 Bd7 10. Qd2 Nxd4 11. Bxd4 a5 12. a4 Bc6 13. h4 h5 14. O-O-O Nd7 15.
g4 Nc5 16. gxh5 Nxb3+ 17. cxb3 Bxd4 18. Qxd4 e5 19. Qxd6 Qxd6 20. Rxd6 Rad8 21.
Rxd8 Rxd8 22. hxg6 fxg6 23. h5 Kg7 24. Rg1 Rd6 25. Rxg6+ Rxg6 26. hxg6 Kxg6 27.
Kd2 Kg5 28. Ke3 Bd7 29. Nd5 Be6 30. b4 axb4 31. Nxb4 Bb3 32. a5 Bc4 33. Nd3 Kf6
34. Nc5 1-0

[Event "7th Sunway Sitges 2020"]
[Site "Sitges ESP"]
[Date "2020.12.16"]
[Round "4.38"]
[White "Villar Reymundo, Juan Antonio"]
[Black "Toncheva, Nadya"]
[Result "1-0"]
[BlackTitle "WFM"]
[WhiteElo "2129"]
[BlackElo "2321"]
[WhiteFideId "3802744"]
[BlackFideId "2924056"]
[EventDate "2020.12.13"]

1. Nf3 c5 2. b3 Nc6 3. Bb2 d6 4. d4 cxd4 5. Nxd4 Nf6 6. e3 e6 7. c4 Be7 8. Be2
O-O 9. O-O a6 10. Nc3 Qc7 11. Rc1 Rd8 12. Nd5 exd5 13. cxd5 Nxd5 14. Nxc6 bxc6
15. Qxd5 Bb7 16. Bd3 c5 17. Bxh7+ Kf8 18. Qh5 Bf6 19. Bxf6 gxf6 20. Qh4 Ke7 21.
Be4 d5 22. Bf3 Rh8 23. Qg3 Qb6 24. Qf4 Rae8 25. b4 c4 26. e4 dxe4 27. Bxe4 Rhg8
28. Rfe1 Bxe4 29. Rxe4+ Kf8 30. Rexc4 Qb7 31. Rc6 Rg6 32. g3 Kg7 33. Rc7 Qa8 34.
Rxf7+ 1-0

[Event "7th Sunway Sitges 2020"]
[Site "Sitges ESP"]
[Date "2020.12.16"]
[Round "4.39"]
[White "Garcia Jimenez, Francisco Javier"]
[Black "Donate Moreno, Silvia"]
[Result "1-0"]
[WhiteTitle "FM"]
[WhiteElo "2288"]
[BlackElo "1903"]
[WhiteFideId "2231590"]
[BlackFideId "24581887"]
[EventDate "2020.12.13"]

1. e4 c5 2. Nc3 a6 3. g3 b5 4. Bg2 Bb7 5. d3 e6 6. Nf3 Nf6 7. O-O d6 8. h3 Be7
9. a3 Qc7 10. Be3 O-O 11. Re1 Nc6 12. Nh2 Rac8 13. f4 Nd4 14. g4 Rfe8 15. g5 Nd7
16. Ne2 d5 17. Ng3 Bxg5 18. c3 Bh4 19. Nhf1 Nc6 20. exd5 exd5 21. Bxd5 Nf6 22.
Bg2 Ne7 23. Re2 Nfd5 24. Bd2 Ng6 25. Nh5 Ba8 26. f5 Ngf4 27. Rxe8+ Rxe8 28. Nxf4
Nxf4 29. Bxa8 Rxa8 30. Qf3 Nxh3+ 31. Qxh3 Qe7 32. Ng3 Bf6 33. Re1 Qc7 34. Ne4
Be5 35. f6 g6 36. Bh6 1-0

[Event "7th Sunway Sitges 2020"]
[Site "Sitges ESP"]
[Date "2020.12.16"]
[Round "4.40"]
[White "Peycheva, Gergana"]
[Black "Follana Albelda, Lucia"]
[Result "1-0"]
[WhiteTitle "FM"]
[WhiteElo "2257"]
[BlackElo "1884"]
[WhiteFideId "2916711"]
[BlackFideId "24516937"]
[EventDate "2020.12.13"]

1. d4 g6 2. c4 Nf6 3. Nc3 Bg7 4. e4 d6 5. Nf3 O-O 6. Be2 Na6 7. O-O e5 8. Re1
exd4 9. Nxd4 Re8 10. f3 Nc5 11. Bf1 c6 12. Be3 a5 13. Qd2 Qc7 14. Rad1 Rd8 15.
Qf2 Qe7 16. e5 dxe5 17. Nxc6 bxc6 18. Bxc5 Qe8 19. Rxe5 Be6 20. Ree1 Rxd1 21.
Rxd1 Nd7 22. Bd4 a4 23. Bxg7 Kxg7 24. Qd4+ Kg8 25. Ne4 Qb8 26. Qc3 Qe5 27. Qxe5
Nxe5 28. b3 axb3 29. axb3 Rb8 30. Nc5 Bf5 31. h3 h5 32. f4 1-0

[Event "7th Sunway Sitges 2020"]
[Site "Sitges ESP"]
[Date "2020.12.16"]
[Round "4.41"]
[White "Luque Saiz, Andres"]
[Black "Ortega Ruiz, Jose Miguel"]
[Result "1/2-1/2"]
[BlackTitle "FM"]
[WhiteElo "2069"]
[BlackElo "2251"]
[WhiteFideId "24510793"]
[BlackFideId "2209713"]
[EventDate "2020.12.13"]

1. e4 e5 2. Nf3 Nc6 3. Bc4 Nf6 4. d3 Bc5 5. c3 d6 6. O-O a5 7. Bb3 h6 8. Nbd2
O-O 9. h3 Re8 10. Re1 Be6 11. Nf1 Bxb3 12. Qxb3 a4 13. Qd1 d5 14. Qc2 d4 15. Ng3
a3 16. b4 Bf8 17. b5 Na5 18. cxd4 exd4 19. Nf5 c5 20. bxc6 Nxc6 21. Bd2 Nd7 22.
Rab1 Nc5 23. Rb5 b6 24. Reb1 Ra6 25. Qc4 Ra4 26. Qc2 Ra6 27. Qc4 Ra4 28. Qc2 Ra6
29. Qc4 1/2-1/2

[Event "7th Sunway Sitges 2020"]
[Site "Sitges ESP"]
[Date "2020.12.16"]
[Round "4.42"]
[White "Pozanco Romasanta, Marc"]
[Black "Alvarez Albiol, Victor"]
[Result "0-1"]
[WhiteElo "2116"]
[BlackElo "2206"]
[WhiteFideId "2255138"]
[BlackFideId "32065930"]
[EventDate "2020.12.13"]

1. d4 Nf6 2. c4 c5 3. d5 b5 4. cxb5 a6 5. b6 Qxb6 6. Nc3 d6 7. e4 g6 8. Nf3 Bg7
9. Be2 Bg4 10. O-O Bxf3 11. Bxf3 O-O 12. Be2 Nbd7 13. a4 Ne8 14. a5 Qb7 15. f4
Nc7 16. Qa4 Nf6 17. g4 Rfb8 18. g5 Nfe8 19. Ra3 Nb5 20. Nxb5 axb5 21. Qd1 e6 22.
b4 exd5 23. exd5 cxb4 24. Rh3 Rxa5 25. Qb3 Ra1 26. f5 Rc8 27. fxg6 Rcxc1 28.
gxh7+ Kh8 29. Qf3 Qe7 30. Bd1 Rc3 0-1

[Event "7th Sunway Sitges 2020"]
[Site "Sitges ESP"]
[Date "2020.12.16"]
[Round "4.43"]
[White "Carroll, Peter"]
[Black "Vlachos, Anatole"]
[Result "0-1"]
[WhiteTitle "CM"]
[BlackTitle "IM"]
[WhiteElo "2031"]
[BlackElo "2413"]
[WhiteFideId "2510243"]
[BlackFideId "26093189"]
[EventDate "2020.12.13"]

1. e4 c5 2. Ne2 Nc6 3. d4 cxd4 4. Nxd4 Nf6 5. Nc3 e5 6. Ndb5 d6 7. Bg5 a6 8. Na3
b5 9. Nd5 Be7 10. Bxf6 Bxf6 11. c3 Bg5 12. Nc2 Rb8 13. a4 bxa4 14. Ncb4 Nxb4 15.
cxb4 Bd7 16. Bxa6 O-O 17. b3 axb3 18. Qxb3 Kh8 19. O-O f5 20. exf5 Bxf5 21. Bc4
Qe8 22. Ra6 Qg6 23. b5 Bd8 24. Qg3 Qh6 25. Bd3 Bh4 26. Qf3 e4 27. Bxe4 Bxe4 28.
Qxe4 Bxf2+ 29. Kh1 Bg3 0-1

[Event "7th Sunway Sitges 2020"]
[Site "Sitges ESP"]
[Date "2020.12.16"]
[Round "4.44"]
[White "Garcia Gimenez, Santiago"]
[Black "Ruiz Buendia, Miguel"]
[Result "1/2-1/2"]
[WhiteElo "2300"]
[BlackElo "2039"]
[WhiteFideId "32063350"]
[BlackFideId "24537675"]
[EventDate "2020.12.13"]

1. e4 c5 2. Nf3 d6 3. d4 cxd4 4. Nxd4 Nf6 5. Nc3 Nc6 6. g3 Bg4 7. f3 Bd7 8. Bg2
g6 9. Be3 Bg7 10. Qd2 O-O 11. O-O Rc8 12. Qf2 Ne5 13. Ndb5 Bxb5 14. Nxb5 a6 15.
Bb6 Qd7 16. Na3 Qc6 17. h3 Nfd7 18. Be3 Nc4 19. Nxc4 Qxc4 20. c3 b5 21. Rfd1 Ne5
22. Bf1 Qc6 23. Bd4 Rfd8 24. Rac1 h5 25. f4 Nd7 26. Bxg7 Kxg7 27. Bg2 Qb6 28.
Qd4+ Qxd4+ 29. cxd4 Nb6 30. b3 Rxc1 31. Rxc1 Rc8 32. Rxc8 Nxc8 33. Kf2 e6 34.
Ke3 Ne7 35. g4 hxg4 36. hxg4 d5 37. g5 b4 38. Bf1 a5 39. Bg2 Kf8 40. exd5 exd5
41. Bh3 Nf5+ 42. Bxf5 1/2-1/2

[Event "7th Sunway Sitges 2020"]
[Site "Sitges ESP"]
[Date "2020.12.16"]
[Round "4.45"]
[White "Odnorozhenko, Evgenyi"]
[Black "Sismeiro, Miguel"]
[Result "1/2-1/2"]
[WhiteTitle "IM"]
[WhiteElo "2170"]
[BlackElo "2035"]
[WhiteFideId "14116588"]
[BlackFideId "1950975"]
[EventDate "2020.12.13"]

1. d4 Nf6 2. Nf3 g6 3. c4 Bg7 4. Nc3 d5 5. Bf4 O-O 6. Rc1 c5 7. dxc5 dxc4 8. Qa4
Nc6 9. Qxc4 Qa5 10. e3 Be6 11. Qb5 Qxb5 12. Bxb5 Nd5 13. Nxd5 Bxd5 14. Bxc6 bxc6
15. b3 a5 16. Be5 a4 17. Bxg7 Kxg7 18. O-O axb3 19. axb3 Bxb3 20. Ne5 Bd5 21. f3
f5 22. Rfe1 Ra4 23. Nd7 Rd8 24. Nb6 Ra5 25. Red1 Rb8 26. Ra1 Rxa1 27. Rxa1 Rb7
28. Rd1 Be6 29. Ra1 Bd5 30. Rd1 Be6 1/2-1/2